Normal view
MARC view
- Experiments in electronics and communication engineering,covering basic circuit theory, electronics, communication networks, radio and ultra-high frequency techniques
Entry Topical Term
001 - CONTROL NUMBER
- control field: 102365
003 - CONTROL NUMBER IDENTIFIER
- control field: NUST
005 - DATE AND TIME OF LATEST TRANSACTION
- control field: 20221104093906.0
008 - FIXED-LENGTH DATA ELEMENTS
- fixed length control field: 221104|| aca||aabn | a|a d
040 ## - CATALOGING SOURCE
- Original cataloging agency: NUST
- Transcribing agency: NUST
150 ## - HEADING--TOPICAL TERM
- Topical term or geographic name entry element: Experiments in electronics and communication engineering,covering basic circuit theory, electronics, communication networks, radio and ultra-high frequency techniques
670 ## - SOURCE DATA FOUND
- Source citation: Work cat.: (NUST)180909: Experiments in electronics and communication engineering,, 1954
